000
00253nam a2200097Ia 4500
001
711366
005
20250826162807.0
008
250824s9999 xx 000 0 und d
245
0
_a
GİZEMLİ EFSANE AZİZ!İN YOLCULUĞU
_c
ÖZGÜR GEZ
260
_b
ATLIKARINCA
999
_c
711366
_d
711366